Filosofía de la educación dominicana, diagnóstico y nuevos paradigmas / (Registro nro. 16553)
[ vista simple ]
| 000 -CABECERA | |
|---|---|
| campo de control de longitud fija | 00938nam a2200229 a 4500 |
| 001 - NÚMERO DE CONTROL | |
| campo de control | 000017027 |
| 005 - FECHA Y HORA DE LA ÚLTIMA TRANSACCIÓN | |
| campo de control | 20250401130908.0 |
| 008 - DATOS DE LONGITUD FIJA--INFORMACIÓN GENERAL | |
| campo de control de longitud fija | 100316s1994 dr 000 0 spa d |
| 040 ## - FUENTE DE LA CATALOGACIÓN | |
| Centro catalogador/agencia de origen | DO-SdBNP |
| Lengua de catalogación | spa |
| Centro/agencia transcriptor | BNPHU |
| 082 ## - NÚMERO DE LA CLASIFICACIÓN DECIMAL DEWEY | |
| Número de clasificación | xxxx |
| Número de documento/Ítem | F438f |
| 049 ## - FONDOS LOCALES (OCLC) | |
| Fondos de biblioteca | BNPD |
| 100 1# - ENTRADA PRINCIPAL--NOMBRE DE PERSONA | |
| Nombre de persona | Fiallo Billini, José Antonio |
| 9 (RLIN) | 37577 |
| 245 10 - MENCIÓN DE TÍTULO | |
| Título | Filosofía de la educación dominicana, diagnóstico y nuevos paradigmas / |
| Mención de responsabilidad, etc. | José Antonio Fiallo Billini, Alejandrina Germán de Sosa. |
| 260 ## - PUBLICACIÓN, DISTRIBUCIÓN, ETC. | |
| Lugar de publicación, distribución, etc. | Santo Domingo : |
| Nombre del editor, distribuidor, etc. | PNUD |
| -- | Secretaría de Estado de Educación, Bellas Artes y Culto, |
| Fecha de publicación, distribución, etc. | 1994. |
| 300 ## - DESCRIPCIÓN FÍSICA | |
| Extensión | 179 p. ; |
| Dimensiones | 25 cm. |
| 490 1# - MENCIÓN DE SERIE | |
| Mención de serie | Políticas educativas |
| Designación de volumen o secuencia | v. 3 |
| 500 ## - NOTA GENERAL | |
| Nota general | A la cabeza de la portada República Dominicana. Plan Decenal de Educación |
| 504 ## - NOTA DE BIBLIOGRAFÍA, ETC. | |
| Nota de bibliografía, etc. | Incluye bibliografías |
| 700 1# - PUNTO DE ACCESO ADICIONAL--NOMBRE DE PERSONA | |
| Nombre de persona | Germán Sosa, Alejandrina de |
| 9 (RLIN) | 37578 |
| 710 2# - PUNTO DE ACCESO ADICIONAL--NOMBRE DE ENTIDAD CORPORATIVA | |
| Nombre de entidad corporativa o nombre de jurisdicción como elemento de entrada | Programa de las Naciones Unidas para el Desarrollo |
| 9 (RLIN) | 187 |
| 830 #0 - PUNTO DE ACCESO ADICIONAL DE SERIE-TÍTULO UNIFORME | |
| Título uniforme | Políticas educativas |
| Número de parte o sección de la obra | no. 3 |
| 9 (RLIN) | 37579 |
No hay ítems disponibles.
